000
00235nam a2200097Ia 4500
008
240331s9999 xx 000 0 und d
082
_b
THI
100
_a
Thirunavukarasu, K
245
0
_a
Thiravida lyakka Ithalkal :
_b
oru parvai
942
_c
L
999
_c
4170
_d
4170